|
|
|
|
| LEADER |
01352nam a22003492a 4500 |
| 001 |
001729133 |
| 003 |
CZ BrMZK |
| 005 |
20231012135159.0 |
| 007 |
ta |
| 008 |
200207s1988 xr er|||||||||||slo d |
| 015 |
|
|
|a cnb000041491
|
| 020 |
|
|
|q (Brož.) :
|c 2,50 Kčs
|
| 035 |
|
|
|a (OCoLC)39402715
|
| 040 |
|
|
|a ABA001
|b cze
|d ABA001
|d BOA001
|
| 072 |
|
7 |
|a 72/76
|x Výtvarné umění
|2 Konspekt
|9 21
|
| 072 |
|
7 |
|a 37.016
|x Učební osnovy. Vyučovací předměty. Učebnice
|2 Konspekt
|9 22
|
| 080 |
9 |
|
|a 7(437.6)"18"(075.8):378.67
|
| 100 |
1 |
|
|a Peterajová, Ľudmila,
|d 1927-2015
|7 jn19990210487
|4 aut
|
| 245 |
1 |
0 |
|a Umenie 19. storočia na Slovensku :
|b študijný text pre posl. vys. škol umeleckého smeru v ČSSR /
|c Ľudmila Peterajová
|
| 250 |
|
|
|a 1. vyd.
|
| 260 |
|
|
|a Praha :
|b SPN,
|c 1988
|e (Mladá Boleslav :
|f TZ 75)
|
| 300 |
|
|
|a 33 s. ;
|c 29 cm
|
| 500 |
|
|
|a 200 výt.
|
| 504 |
|
|
|a Obsahuje bibliografii
|
| 550 |
|
|
|a Vydavatel: Vysoká škola uměleckoprůmyslová
|
| 650 |
0 |
7 |
|a výtvarné umění
|7 ph116708
|z Slovensko
|y 19. století
|2 czenas
|
| 655 |
|
7 |
|a učebnice vysokých škol
|7 fd133772
|2 czenas
|
| 710 |
2 |
|
|a Vysoká škola uměleckoprůmyslová
|7 kn20010709185
|4 isb
|
| 910 |
|
|
|a BOA001
|b X2-0934.072
|
| 990 |
|
|
|a BK
|
| 991 |
|
|
|b 202002
|
| 996 |
6 |
|
|b 2618852731
|c X2-0934.072
|l MZK
|r Sklad / do 24 hodin
|n 0
|w 001780560
|u 000010
|a 1
|e BOA001
|j MZK50
|s P
|